县级行政区知识问答#20 平果市 Pingguo Multiple-choice - Statistics

General Stats
  • This quiz has been taken 8 times
  • The average score is 7 of 10
Answer Stats
Question Answer % Correct
平果市隶属于广西哪个地级市? 百色市
100%
平果市的主要河流是哪一条? 右江
86%
平果市“四塘印山”的独特地貌是? 喀斯特孤峰
86%
平果市最著名的矿产资源是什么? 铝土矿
86%
平果市“邓公山红色教育基地”纪念的历史事件是? 百色起义
86%
平果市特产“桂中花猪”的主要特点是? 肉质细腻
71%
平果市国家级非物质文化遗产是? 壮族嘹歌
57%
平果市除壮族外的主要少数民族是? 瑶族
57%
平果市“芦仙湖国家湿地公园”的核心保护物种是? 黑鹳
43%
平果市“壮族麽乜”手工艺的用途是? 驱邪香囊
14%
No matching quizzes found
Score Distribution
Percent of People with Each Score
Percentile by Number Answered
Your Score History
You have not taken this quiz